| 000 | 00855cam a22003251i 4500 | ||
|---|---|---|---|
| 999 |
_c709 _d709 |
||
| 001 | 020200922 | ||
| 003 | UkOxU | ||
| 005 | 20191205112616.0 | ||
| 008 | 140213s2014 enk j 000 f eng|d | ||
| 015 |
_aGBB437801 _2bnb |
||
| 016 | 7 |
_a016682785 _2Uk |
|
| 020 | _a9780349001388 (pbk.) : | ||
| 035 | _a(Uk)016682785 | ||
| 040 |
_aStDuBDS _beng _erda _cStDuBDS _dUk |
||
| 042 | _aukblsr | ||
| 082 | _aFIC DAV | ||
| 100 | 1 |
_aDavid, Keren, _eauthor. |
|
| 245 | 1 | 0 |
_aSalvage / _cKeren David. |
| 264 | 1 |
_aLondon : _bAtom, _c2014. |
|
| 300 |
_a1 volume. ; 313 p.; _c20 cm. |
||
| 336 |
_atext _2rdacontent |
||
| 337 |
_aunmediated _2rdamedia |
||
| 338 |
_avolume _2rdacarrier |
||
| 500 |
_aFormerly CIP. _5Uk |
||
| 650 | _aFamily | ||
| 650 | _aFoster care | ||
| 655 | 0 | _aYoung adult fiction. | |
| 942 |
_2ddc _cFIC |
||